A licence to roam (Record no. 76837)
[ view plain ]
| 000 -LEADER | |
|---|---|
| fixed length control field | 00898cab a2200181 4500 |
| 001 - CONTROL NUMBER | |
| control field | ##L133164 |
| 008 - FIXED-LENGTH DATA ELEMENTS--GENERAL INFORMATION | |
| fixed length control field | 060418n2006 000 0 eng u |
| 035 ## - SYSTEM CONTROL NUMBER | |
| System control number | (Sirsi) u133164 |
| 041 0# - LANGUAGE CODE | |
| Language code of text/sound track or separate title | eng |
| 100 1# - MAIN ENTRY--PERSONAL NAME | |
| Personal name | Tinworth, Adam |
| 245 02 - TITLE STATEMENT | |
| Title | A licence to roam |
| 260 ## - PUBLICATION, DISTRIBUTION, ETC. | |
| Date of publication, distribution, etc. | 2006 |
| 490 #0 - SERIES STATEMENT | |
| Series statement | Estates Gazette |
| Volume/sequential designation | (0614) 8 April 2006, 62-63(2) |
| 520 ## - SUMMARY, ETC. | |
| Summary, etc. | Looks at the current status of mobile working technology and the implications for occupiers' space needs. Reviews the recent British Council of Offices (BCO) report "ICT and offices: practical realities and their business benefits" and presents the BCO list of do's and don'ts for tech-minded occupiers. Describes the technology trends and their property impact: wireless networks, voice-over internet protocol telephony and laptops as standard. |
| 590 ## - LOCAL NOTE (RLIN) | |
| Local note | IKA250406 |
| 690 ## - LOCAL SUBJECT ADDED ENTRY--TOPICAL TERM (OCLC, RLIN) | |
| Topical term or geographic name as entry element | PROPERTY-COMMERCIAL PROPERTY-OFFICE PROPERTY |
| 942 ## - ADDED ENTRY ELEMENTS (KOHA) | |
| Suppress in OPAC | 0 |
| Withdrawn status | Lost status | Source of classification or shelving scheme | Damaged status | Not for loan | Home library | Current library | Shelving location | Date acquired | Total Checkouts | Full call number | Barcode | Date last seen | Copy number | Price effective from | Koha item type |
|---|---|---|---|---|---|---|---|---|---|---|---|---|---|---|---|
| Dewey Decimal Classification | London | London | Journal article | 18/04/2006 | L133164 | 133164-1001 | 06/08/2019 | 1 | 06/08/2019 | Journal article |